000 01485nam a22002537a 4500
001 BRCA_9270
003 FranzMayer
005 20230719132518.0
008 230719b |||||||| |||| 00| 0 eng d
040 _aMFM
_besp
_cMFM
050 4 _aLE46
_bP58 1797
110 1 _4Responsable
_aPluribus mendis expurgata
_928861
240 1 _aTheologiaæ dogmaticæ in systema redacte parsprior a Fr.
_hPetro Mar Gazzaniga Ordinis Prædicatorum in Vindibonensi Universitate Prosessore Publico in ulum suorum Auditorum edita
_lLatín
245 0 _aTheologiaæ dogmaticæ in systema redacte parsprior a Fr.
_bPetro Mar Gazzaniga Ordinis Prædicatorum in Vindibonensi Universitate Prosessore Publico in ulum suorum Auditorum edita
250 _aTercera edición
_bEditio Tertia Veneta
260 _aVenecia, Italia
_bPluribus mendis expurgata
_c1797
300 _a367 p
_c19 cm
500 _aVarias hojas del libro contienen daño por insectos o bacterias aunque no afectan el texto
500 _aEn el exterior del libro se encuentran cintas cortadas, originalmente para cerrar el libro pero ahora no tienen mucha utilidad.
505 0 _aTexto en: latínDirigido a: teólogos, historiadores, investigadores o cualquier persona creyente o con interés en la religión cristiana/católica.Incluye índice (temático)
650 1 _2Religión
_aReligión cristiana
_vTeología
_928862
651 2 _2Religión
_aHistoria y principios de la religión
_vEstudios religiosos
_928863
942 _2lcc
_cB
999 _c10889
_d10889